| 000 | 00868nam a2200229Ia 4500 | ||
|---|---|---|---|
| 003 | CO-CtgCURN | ||
| 005 | 20250408165513.0 | ||
| 008 | 190722s9999 xx 000 0 und d | ||
| 020 | _a9589723705 | ||
| 040 |
_aCO-CtgCURN _bspa _ccoctgcurn |
||
| 082 |
_a341.523 _bS194p |
||
| 100 | _aSandoval Robayo, Mary Luz | ||
| 245 | 0 |
_aEl papel de las ONGs internacionales en los conflictos armados internos : _bcaso Colombia / _cMary Luz Sandoval Robayo |
|
| 260 |
_aBogotá, Colombia : _bUniversidad Libre, _c2003 |
||
| 300 |
_a458 páginas ; _c22 centímetros |
||
| 521 | _aAREA PROFESIONAL | ||
| 590 | _aPrograma de Derecho_18 | ||
| 650 | _aDerecho internacional público | ||
| 650 |
_aOrganizaciones no gubernamentales _xAspectos sociales |
||
| 942 |
_cBK _h341.523 _iS194p _2ddc _n0 |
||
| 999 |
_c28266 _d28266 |
||